Marvel Planets Quiz - Statistics

General Stats
  • This quiz has been taken 192 times
    185 since last reset
  • The average score is 7 of 19
Answer Stats
Inhabitants First Appearance Planet % Correct
Tony Stark, Steve Rogers, Bruce Banner etc. Iron Man Earth/Midgard
97%
Thor, Odin, Loki, Sif, Frigga, Heimdall etc. Thor Asgard
94%
Mantis* Guardians of the Galaxy Vol. 2 Ego
70%
Thanos, Black Order Avengers: Infinity War Titan
63%
Red Skull Avengers: Infinity War Vormir
60%
Nova Corps Guardians of the Galaxy Xandar
53%
Grand Master, Topaz, Korg* Thor: Ragnarok Sakaar
51%
Laufey, Frost Giants Thor Jotunheim
44%
Dwarves, Eitri Avengers: Infinity War Nidavellir
32%
Orloni Guardians of the Galaxy Morag
25%
Ronan the Accuser Guardians of the Galaxy Hala
23%
Vanir, Hogun* Thor: The Dark World Vanaheim
21%
Surtur, Fire Dragon Thor: The Dark World Muspelheim
18%
Ayesha, Zylack, Adam Warlock Guardians of the Galaxy Vol. 2 Sovereign
18%
Malekith, Algrim, Dark Elves Thor: The Dark World Svartalfheim
18%
Sneeper Madame, Love Bots Guardians of the Galaxy Contraxia
11%
Gamora* Avengers: Infinity War Zen-Whoberi
10%
Unknown Guardians of the Galaxy Vol. 2 Berhert
6%
Kronans Guardians of the Galaxy Vol. 2 Ria
2%
No matching quizzes found
Score Distribution
Percent of People with Each Score
Percentile by Number Answered
Your Score History
You have not taken this quiz since the last reset